Go Vive a tu manera - Statistics

General Stats
  • This quiz has been taken 93 times
  • The average score is 18 of 33
Answer Stats
Acteur Rôle % Correct
Pilar Pascual Mía Cáceres
100%
Renata Toscano Lupe Paz
94%
José Giménez Zapiola Álvaro Paz
90%
Carmela Barsamián Zoe Caletián
89%
Paulo Sánchez Lima Simón
87%
Santiago Sáez Juanma Portolesi
86%
Majo Chicar Sofía
83%
Majo Cardozo Agustina
81%
Laura Azcurra Mercedes Achával
81%
Bautista Lena Martín Beltrán
78%
Gastón Ricaud Ramiro Achával
78%
Axel Muñiz Gaspar Fontán
75%
Manuel Ramos Tobias Acera
71%
Simón Hempe Federico Nacas
62%
Ana Paula Pérez Martina
59%
Antonella Carabelli Olivia Andrade
59%
Nicole Luis Ivana
51%
Daniel Rosado Nicolás Longo
49%
Carolina Domenech Lola
48%
Florencia Benítez Florencia
43%
Mélania Lenoir Isabel Cáceres
41%
Ana Florencia Gutiérrez Gloria
38%
Josefina de Achával Mariana Cáceres
37%
Agustina Mindlin Mara Mucci
32%
Andrés Montorfano Mauro Moreira
29%
Sofía Morandi Nina Canale
29%
Daniel Campomenosi Javier Paz
25%
Gonzalo Revoredo Marcelo Villka
22%
Yosy Machado Yosy
14%
Marina Castillo Hortensia
11%
Samuel Nascimento Fabricio
8%
Luisa Drozdek Teresa
8%
Johanna Francella Rosario
6%
No matching quizzes found
Score Distribution
Percent of People with Each Score
Percentile by Number Answered
Your Score History
You have not taken this quiz